| 000 | 00940nam a22002057a 4500 | ||
|---|---|---|---|
| 999 |
_c58033 _d58033 |
||
| 003 | Ge_BSU | ||
| 005 | 20210518140850.0 | ||
| 008 | 210518s1970 ge ||||| |||| 00| 0 geo d | ||
| 041 |
_ageo _hru |
||
| 080 | _a621.396 ჟ-59 | ||
| 100 |
_aჟერებცოვი, ი. _911821 |
||
| 245 |
_aრადიოტექნიკა : _b _cი. ჟერებცოვი; მთარგმნელი ვ. ქრისტესაშვილი; რედაქტორი ზ. ჯიბლაძე. |
||
| 250 | _aმე-5 რუს. გამოცემა | ||
| 264 |
_aთბილისი : _bგანათლება, _c1970. |
||
| 300 |
_a739 გვ. ; _b22 სმ. |
||
| 653 | _aრადიოტექნიკა | ||
| 700 |
_aქრისტესაშვილი, ვ. ; _eმთარგმნელი _911822 |
||
| 700 |
_aჯიბლაძე, ზ. _eრედაქტორი _911823 |
||
| 942 |
_2udc _cBK |
||